000 00633nam a2200193Ia 4500
003 LDD
008 190117s9999 xx 000 0 und d
020 _a8171381456
_c₹200
040 _cLDD
041 _ahi
082 _a8H4.7 आ49291जो
100 _aआनन्द, मधुसूदन
245 0 _aजो सामने है
_cमधुसूदन आनन्द
260 _aनई दिल्ली
_bसामायिक प्रकाशन
_c2008
300 _a143पृ.
901 _aVANI
904 _aReqst by : Satyakam
942 _2ddc
_cH
999 _c154880
_d154880